Reconstruction in philosophy. (Record no. 8272)
[ view plain ]
| 000 -LEADER | |
|---|---|
| fixed length control field | 00632cam a22002531 4500 |
| 001 - CONTROL NUMBER | |
| JCCL Control Number | 8272 |
| 003 - CONTROL NUMBER IDENTIFIER | |
| JCCL marc code | BD-JhCC |
| 005 - DATE AND TIME OF LATEST TRANSACTION | |
| control field | 20180220120124.0 |
| 008 - FIXED-LENGTH DATA ELEMENTS--GENERAL INFORMATION | |
| fixed length control field | 750602s1948 xx 000 0 eng |
| 035 ## - SYSTEM CONTROL NUMBER | |
| system control number | (BD-JhCC)8272 |
| 035 ## - SYSTEM CONTROL NUMBER | |
| system control number | (OCoLC)1368220 |
| 040 ## - CATALOGING SOURCE | |
| Original cataloging agency | DLC |
| Transcribing agency | FO |
| Modifying agency | OCoLC |
| -- | DLC |
| -- | BD-JhCC |
| 041 ## - LANGUAGE CODE | |
| Language code of Book | eng |
| 050 00 - LIBRARY OF CONGRESS CALL NUMBER | |
| Classification number | B945.D43 |
| Item number | R4 1948 |
| 082 ## - DEWEY DECIMAL CLASSIFICATION NUMBER | |
| Classification number | 104 |
| Author mark and Year | DEW 1948 |
| 100 1# - MAIN ENTRY--PERSONAL NAME | |
| Personal name | Dewey, John, |
| Dates associated with a name | 1859-1952. |
| 245 10 - TITLE STATEMENT | |
| Title | Reconstruction in philosophy. |
| 250 ## - EDITION STATEMENT | |
| Edition statement | Enl. ed. |
| 260 ## - PUBLICATION, DISTRIBUTION, ETC. (IMPRINT) | |
| Place of publication, distribution, etc | Boston, |
| Name of publisher, distributor, etc | Beacon Press |
| Date of publication, distribution, etc | [1948] |
| 300 ## - PHYSICAL DESCRIPTION | |
| Pagination | xivii, 224 p. |
| Dimensions | 20 cm. |
| 650 #0 - SUBJECT ADDED ENTRY--TOPICAL TERM | |
| Topical term or geographic name as entry element | Philosophy. |
| 942 ## - ADDED ENTRY ELEMENTS (KOHA) | |
| Source of classification or shelving scheme | Dewey Decimal Classification |
| Koha item type | Books |
| Source of classification or shelving scheme | Damaged status | Not for loan | Home library | Current library | Shelving location | Total Checkouts | Full call number | Barcode | Date last seen | Copy number | Koha item type |
|---|---|---|---|---|---|---|---|---|---|---|---|
| Dewey Decimal Classification | JCC Rouf Library | JCC Rouf Library | General Stacks | 104 DEW 1948 | 8584 | 02/20/2018 | C - 1 | Books |